00645nam a2200181Ia 4500008004100000100002300041245010300064245007900167260003900246260000900285300003300294440004300327650001100370650001300381650001700394650001800411856003400429190511s9999 xx 000 0 und d aMallard, Travis T. aGABRA2, Alcohol and illicit drug use: An event-level model of genetic risk for polysubstance use / cTravis T. Mallard, James R. Ashenhurst, K. Paige Harden, and Kim Fromme.-- bAmerican Psychological Association c2018 aPages 190-201, February 2018 aJournal of Abnormal Psychologyv127(2) aGABRA2 aGenetics aLongitudinal aSubstance use uwww.apa.org/pubs/journals/abn